000 00450nam a2200157 i 4500
001 37167
003 ES-MaACL
005 20230906155523.0
007 t|
008 030220s1912 ag ||||1| spa d
100 1 _aBunge, Carlos Octavio.
_932549
245 1 0 _aHistoria del Derecho argentino /
_cpor Carlos Octavio Bunge.
260 _aBuenos Aires :
_b[s.n.,
_c1912] (
_fConi Hermanos)
300 _a2 v. ;
_c24 cm.
852 _aES-MaACL
_jB-5332-5333
999 _c37167
_d37167